000 00556nam a2200181 i 4500
001 146189
003 ES-MaACL
005 20230906201438.0
007 t|
008 070904s1978 sp ||||1| spa d
245 0 0 _aTratado de microbiología
_b: con inmunología y genética molecular /
_cBernard D. Davis [et al.].
250 _a2ª ed.
260 _aBarcelona, etc :
_bSalvat,
_c[1978]
300 _aXVI, 1559 p. :
_bil. ;
_c26 cm.
650 0 4 _aMicrobiología.
_915023
700 1 _aDavis, Bernard D.
_942953
852 _aES-MaACL
_jL-274
_bR.101127
999 _c146189
_d146189